<?xml version="1.0" encoding="UTF-8"?>
<record
    xmlns:xsi="http://www.w3.org/2001/XMLSchema-instance"
    xsi:schemaLocation="http://www.loc.gov/MARC21/slim http://www.loc.gov/standards/marcxml/schema/MARC21slim.xsd"
    xmlns="http://www.loc.gov/MARC21/slim">

  <leader>01166    a2200241   4500</leader>
  <controlfield tag="003">UA-OsUOA</controlfield>
  <controlfield tag="005">20260501115109.0</controlfield>
  <controlfield tag="008">260501b        un ||||| |||| 00| 0 ukr d</controlfield>
  <datafield tag="020" ind1=" " ind2=" ">
    <subfield code="a">9785793403825</subfield>
  </datafield>
  <datafield tag="040" ind1=" " ind2=" ">
    <subfield code="a">UA-OsUOA</subfield>
    <subfield code="b">ukr</subfield>
    <subfield code="c">UA-OsUOA</subfield>
    <subfield code="d">UA-OsUOA</subfield>
  </datafield>
  <datafield tag="041" ind1=" " ind2=" ">
    <subfield code="a">ukr</subfield>
  </datafield>
  <datafield tag="041" ind1=" " ind2=" ">
    <subfield code="a">rus</subfield>
  </datafield>
  <datafield tag="080" ind1=" " ind2=" ">
    <subfield code="a">82-1</subfield>
  </datafield>
  <datafield tag="090" ind1=" " ind2=" ">
    <subfield code="a">82-1</subfield>
    <subfield code="b">&#x42F;11</subfield>
  </datafield>
  <datafield tag="245" ind1=" " ind2=" ">
    <subfield code="a">"&#x42F; &#x442;&#x43E;&#x442;, &#x447;&#x435;&#x439; &#x434;&#x443;&#x445; &#x43D;&#x435; &#x43F;&#x43E;&#x43A;&#x43E;&#x440;&#x438;&#x43B;&#x441;&#x44F;..."</subfield>
    <subfield code="b">&#x441;&#x431;&#x43E;&#x440;&#x43D;&#x438;&#x43A; &#x441;&#x442;&#x438;&#x445;&#x43E;&#x432; &#x443;&#x43A;&#x440;&#x430;&#x438;&#x43D;&#x441;&#x43A;&#x438;&#x445; &#x43F;&#x43E;&#x44D;&#x442;&#x43E;&#x432; &#x2014; &#x43F;&#x43E;&#x43B;&#x438;&#x442;&#x438;&#x447;&#x435;&#x441;&#x43A;&#x438;&#x445; &#x443;&#x437;&#x43D;&#x438;&#x43A;&#x43E;&#x432; &#x432;&#x43E;&#x440;&#x43A;&#x443;&#x442;&#x438;&#x43D;&#x441;&#x43A;&#x438;&#x445; &#x438; &#x438;&#x43D;&#x442;&#x438;&#x43D;&#x441;&#x43A;&#x438;&#x445; &#x43B;&#x430;&#x433;&#x435;&#x440;&#x435;&#x439; </subfield>
    <subfield code="c">&#x432; &#x43F;&#x435;&#x440;&#x435;&#x432;&#x43E;&#x434;&#x430;&#x445; &#x41C;&#x430;&#x440;&#x43A;&#x430; &#x41A;&#x430;&#x433;&#x430;&#x43D;&#x446;&#x43E;&#x432;&#x430; </subfield>
  </datafield>
  <datafield tag="250" ind1=" " ind2=" ">
    <subfield code="a">&#x418;&#x437;&#x434;&#x430;&#x43D;&#x438;&#x435; &#x432;&#x442;&#x43E;&#x440;&#x43E;&#x435;, &#x438;&#x441;&#x43F;&#x440;&#x430;&#x432;&#x43B;&#x435;&#x43D;&#x43D;&#x43E;&#x435; &#x438; &#x434;&#x43E;&#x43F;&#x43E;&#x43B;&#x43D;&#x435;&#x43D;&#x43D;&#x43E;&#x435;</subfield>
  </datafield>
  <datafield tag="260" ind1=" " ind2=" ">
    <subfield code="a">&#x412;&#x43E;&#x440;&#x43A;&#x443;&#x442;&#x430;</subfield>
    <subfield code="c">2011</subfield>
  </datafield>
  <datafield tag="520" ind1=" " ind2=" ">
    <subfield code="a">&#x411;&#x440;&#x43E;&#x448;&#x443;&#x440;&#x430; &#x443; &#x432;&#x438;&#x433;&#x43B;&#x44F;&#x434;&#x456; &#x43A;&#x441;&#x435;&#x440;&#x43E;&#x43A;&#x43E;&#x43F;&#x456;&#x457; &#x43E;&#x43A;&#x440;&#x435;&#x43C;&#x438;&#x445; &#x441;&#x442;&#x43E;&#x440;&#x456;&#x43D;&#x43E;&#x43A; &#x43A;&#x43D;&#x438;&#x433;&#x438;. &#x412;&#x456;&#x440;&#x448;&#x456; &#x43D;&#x430;&#x434;&#x440;&#x443;&#x43A;&#x43E;&#x432;&#x430;&#x43D;&#x43E; &#x443;&#x43A;&#x440;&#x430;&#x457;&#x43D;&#x441;&#x44C;&#x43A;&#x43E;&#x44E; &#x442;&#x430; &#x440;&#x43E;&#x441;&#x456;&#x439;&#x441;&#x44C;&#x43A;&#x43E;&#x44E; &#x43C;&#x43E;&#x432;&#x430;&#x43C;&#x438;.   </subfield>
  </datafield>
  <datafield tag="650" ind1=" " ind2=" ">
    <subfield code="2">UDC</subfield>
    <subfield code="a">82-1 &#x41F;&#x43E;&#x435;&#x437;&#x456;&#x44F;. &#x41F;&#x43E;&#x435;&#x43C;&#x438;. &#x412;&#x456;&#x440;&#x448;&#x456;</subfield>
    <subfield code="9">16367</subfield>
  </datafield>
  <datafield tag="942" ind1=" " ind2=" ">
    <subfield code="c">BR</subfield>
    <subfield code="2">udc</subfield>
  </datafield>
  <datafield tag="955" ind1=" " ind2=" ">
    <subfield code="a">3</subfield>
  </datafield>
  <datafield tag="999" ind1=" " ind2=" ">
    <subfield code="c">580632</subfield>
    <subfield code="d">580632</subfield>
  </datafield>
  <datafield tag="952" ind1=" " ind2=" ">
    <subfield code="0">0</subfield>
    <subfield code="1">0</subfield>
    <subfield code="2">udc</subfield>
    <subfield code="4">0</subfield>
    <subfield code="7">0</subfield>
    <subfield code="8">C_SOKOLYK_BRYZHUN</subfield>
    <subfield code="a">300</subfield>
    <subfield code="b">300</subfield>
    <subfield code="d">2026-05-01</subfield>
    <subfield code="e">&#x2116;12/29.04.2026 (&#x406;&#x414;&#x423;&#x414;)</subfield>
    <subfield code="g">1.00</subfield>
    <subfield code="i">300595</subfield>
    <subfield code="l">0</subfield>
    <subfield code="o">82-1 &#x42F;11</subfield>
    <subfield code="p">300595</subfield>
    <subfield code="r">2026-05-01 11:52:00</subfield>
    <subfield code="v">1.00</subfield>
    <subfield code="w">2026-05-01</subfield>
    <subfield code="y">BR</subfield>
    <subfield code="z">&#x41E;&#x442;&#x440;&#x438;&#x43C;&#x430;&#x43D;&#x43E; &#x432; &#x434;&#x430;&#x440; &#x432;&#x456;&#x434; &#x41E;&#x43A;&#x441;&#x430;&#x43D;&#x438; &#x411;&#x440;&#x438;&#x437;&#x433;&#x443;&#x43D;-&#x421;&#x43E;&#x43A;&#x43E;&#x43B;&#x438;&#x43A; ; &#x43C;&#x456;&#x441;&#x442;&#x438;&#x442;&#x44C; &#x435;&#x43A;&#x441;&#x43B;&#x456;&#x431;&#x440;&#x456;&#x441; &#x434;-&#x440;&#x430; &#x404;&#x432;&#x433;&#x435;&#x43D;&#x430; &#x425;&#x440;&#x430;&#x43F;&#x43B;&#x438;&#x432;&#x43E;&#x433;&#x43E; </subfield>
  </datafield>
</record>
